Datum a čas kvízu
34
Celkem bodů
Celkový počet nahraných bodů na tomto kvízu bez doplňovacích otázek.
6.
Pořadí na kvízu
Konečné umístění týmu na tomto kvízu.
Zaznamenané odpovědi
| # | Otázka | Odpověď | Body | Výsledky |
|---|---|---|---|---|
| 1. | Krajský soud v Praze v pátek... | Metrostav | 1 | |
| 2. | Velká Británie minulý týden de... | po 47 letech (42–52) | 0 | |
| 3. | Letošní ceny Grammy ovládla ml... | Billie Eilish | 1 | |
| 4. | Internetovým světem hýbe skand... | Avast | 1 | |
| 5. | Opora pražské Slavie Tomáš Sou... | West Ham United | 1 | |
| 6. | Co všechno může být ztracené?... | Jantarová komnata | 1 | |
| 7. | Vzpomenete si na seriál Ztrace... | B | 0 | |
| 8. | "Ne každé zlato třpytívá se, n... | Bilbo Pytlík | 0 | |
| 9. | V seznamu 100 nejdůležitějších... | Hledání ztraceného času | 0 | |
| 10. | Jako Zázrak v Andách se někdy... | ragby | 1 |